Counseling with youth : (Record no. 3497)
[ view plain ]
| 000 -LEADER | |
|---|---|
| fixed length control field | 00702cam a2200241Ia 4500 |
| 001 - CONTROL NUMBER | |
| control field | 24536 |
| 003 - CONTROL NUMBER IDENTIFIER | |
| control field | GBCCL |
| 005 - DATE AND TIME OF LATEST TRANSACTION | |
| control field | 20241126110456.0 |
| 008 - FIXED-LENGTH DATA ELEMENTS--GENERAL INFORMATION | |
| fixed length control field | 830701s1966 miu 000 0 eng d |
| 010 ## - | |
| -- | 66023186 |
| 035 ## - SYSTEM CONTROL NUMBER | |
| System control number | (OCoLC)09664224 |
| 040 ## - CATALOGING SOURCE | |
| Original cataloging agency | DML |
| Transcribing agency | DML |
| 049 ## - | |
| -- | LBBK |
| 082 ## - DEWEY DECIMAL CLASSIFICATION NUMBER | |
| Classification number | 253.5 |
| Item number | NAR |
| 092 ## - LOCALLY ASSIGNED DEWEY CALL NUMBER (OCLC) | |
| Classification number | 253.5 |
| Item number | N234c |
| 100 1# - MAIN ENTRY--PERSONAL NAME | |
| Personal name | Narramore, Clyde M. |
| Fuller form of name | (Clyde Maurice), |
| Dates associated with a name | 1916- |
| 9 (RLIN) | 7042 |
| 245 10 - TITLE STATEMENT | |
| Title | Counseling with youth : |
| Remainder of title | at church, school, and camp / |
| Statement of responsibility, etc. | by Clyde M. Narramore. |
| 260 ## - PUBLICATION, DISTRIBUTION, ETC. | |
| Place of publication, distribution, etc. | Grand Rapids, Mich. : |
| Name of publisher, distributor, etc. | Zondervan, |
| Date of publication, distribution, etc. | c1966. |
| 300 ## - PHYSICAL DESCRIPTION | |
| Extent | 113 p. ; |
| Dimensions | 21 cm. |
| 650 #0 - SUBJECT ADDED ENTRY--TOPICAL TERM | |
| Topical term or geographic name entry element | Church work with youth. |
| 9 (RLIN) | 5463 |
| 650 #0 - SUBJECT ADDED ENTRY--TOPICAL TERM | |
| Topical term or geographic name entry element | Pastoral counseling. |
| 9 (RLIN) | 547 |
| 942 ## - ADDED ENTRY ELEMENTS (KOHA) | |
| Source of classification or shelving scheme | Dewey Decimal Classification |
| Koha item type | Books |
| Koha issues (borrowed), all copies | 10 |
| Withdrawn status | Lost status | Source of classification or shelving scheme | Damaged status | Not for loan | Home library | Current Library | Shelving location | Date acquired | Total checkouts | Total renewals | Full call number | Barcode | Date last seen | Date last checked out | Copy number | Price effective from | Koha item type |
|---|---|---|---|---|---|---|---|---|---|---|---|---|---|---|---|---|---|
| Dewey Decimal Classification | GRACE BIBLE COLLEGE | GRACE BIBLE COLLEGE | Ministry & Mission | 2017-11-28 | 11 | 1 | 253.5 NAR | 009138 | 2025-08-04 | 2025-07-24 | c.1 | 2017-11-28 | Books |